<?xml version="1.0" encoding="UTF-8"?>
<record
    xmlns:xsi="http://www.w3.org/2001/XMLSchema-instance"
    xsi:schemaLocation="http://www.loc.gov/MARC21/slim http://www.loc.gov/standards/marcxml/schema/MARC21slim.xsd"
    xmlns="http://www.loc.gov/MARC21/slim">

  <leader>00578nam a2200205Ia 4500</leader>
  <controlfield tag="008">230125s9999    xx            000 0 und d</controlfield>
  <datafield tag="020" ind1=" " ind2=" ">
    <subfield code="a">81-7881-214-2</subfield>
  </datafield>
  <datafield tag="041" ind1=" " ind2=" ">
    <subfield code="a">eng</subfield>
  </datafield>
  <datafield tag="082" ind1=" " ind2=" ">
    <subfield code="a">658.5</subfield>
    <subfield code="b">ICF</subfield>
  </datafield>
  <datafield tag="100" ind1=" " ind2=" ">
    <subfield code="a">ICFAI</subfield>
  </datafield>
  <datafield tag="245" ind1=" " ind2=" ">
    <subfield code="a">World class manufacturing : concepts and cases Vol - I</subfield>
  </datafield>
  <datafield tag="260" ind1=" " ind2=" ">
    <subfield code="c">2003</subfield>
    <subfield code="b">ICFAI publication</subfield>
    <subfield code="a">Hyderabad</subfield>
  </datafield>
  <datafield tag="300" ind1=" " ind2=" ">
    <subfield code="a">166p</subfield>
  </datafield>
  <datafield tag="440" ind1=" " ind2=" ">
    <subfield code="a">ICFAI</subfield>
  </datafield>
  <datafield tag="500" ind1=" " ind2=" ">
    <subfield code="a">Manufacturing management;ICFAI Case Studies;World Class Manufacturing</subfield>
  </datafield>
  <datafield tag="650" ind1=" " ind2=" ">
    <subfield code="a">Production Management</subfield>
    <subfield code="9">110605</subfield>
  </datafield>
  <datafield tag="700" ind1=" " ind2=" ">
    <subfield code="a">ICFAI</subfield>
  </datafield>
  <datafield tag="906" ind1=" " ind2=" ">
    <subfield code="b">112</subfield>
  </datafield>
  <datafield tag="999" ind1=" " ind2=" ">
    <subfield code="c">91298</subfield>
    <subfield code="d">91298</subfield>
  </datafield>
  <datafield tag="952" ind1=" " ind2=" ">
    <subfield code="0">0</subfield>
    <subfield code="1">0</subfield>
    <subfield code="4">0</subfield>
    <subfield code="7">0</subfield>
    <subfield code="a">HIMR</subfield>
    <subfield code="b">HIMR</subfield>
    <subfield code="d">2006-12-05</subfield>
    <subfield code="e">ICFAI press</subfield>
    <subfield code="g">750.00</subfield>
    <subfield code="i">118</subfield>
    <subfield code="l">0</subfield>
    <subfield code="o">658.5 ICF B05642</subfield>
    <subfield code="p">HIMR-BK-5642</subfield>
    <subfield code="r">2023-01-25 00:00:00</subfield>
    <subfield code="v">638.00</subfield>
    <subfield code="w">2006-12-04</subfield>
    <subfield code="y">BK</subfield>
    <subfield code="z">B05642</subfield>
  </datafield>
  <datafield tag="952" ind1=" " ind2=" ">
    <subfield code="0">0</subfield>
    <subfield code="1">0</subfield>
    <subfield code="4">0</subfield>
    <subfield code="7">0</subfield>
    <subfield code="a">HIMR</subfield>
    <subfield code="b">HIMR</subfield>
    <subfield code="d">2006-12-05</subfield>
    <subfield code="e">ICFAI press</subfield>
    <subfield code="g">750.00</subfield>
    <subfield code="i">118</subfield>
    <subfield code="l">0</subfield>
    <subfield code="o">658.5 ICF B05643</subfield>
    <subfield code="p">HIMR-BK-5643</subfield>
    <subfield code="r">2023-01-25 00:00:00</subfield>
    <subfield code="v">638.00</subfield>
    <subfield code="w">2006-12-04</subfield>
    <subfield code="y">BK</subfield>
    <subfield code="z">B05643</subfield>
  </datafield>
</record>
